| 000 | 00963cam a22002651 4500 | ||
|---|---|---|---|
| 001 | sa 64005232 | ||
| 003 | DLC | ||
| 005 | 20260227112031.0 | ||
| 008 | 720216s1964 xx 000 0 eng | ||
| 010 | _asa 64005232 | ||
| 015 | _aGB64-17813 | ||
| 035 | _a(OCoLC)243497 | ||
| 040 |
_aDLC _cOWoC _dUk _dDLC |
||
| 042 | _apremarc | ||
| 050 | 0 | 0 |
_aDS480.45 _b.B6 1964 |
| 051 |
_aDS480.45 _b.B6 1964a _cAnother issue. |
||
| 082 | _a954.035 | ||
| 100 | 1 |
_aBose, Subhas Chandra, _d1897-1945. |
|
| 245 | 1 | 4 |
_aThe Indian struggle, 1920-1942. _cCompiled by the Netaji Research Bureau, Calcutta. |
| 260 |
_aBombay, _aNew York, _bAsia Pub. House _c[1964] |
||
| 300 |
_axii, 476 p. _billus., facsims., port. _c23 cm. |
||
| 500 | _aSupplemented by : Another issue. (xii, 476 p. : illus., facsims., port. ; 23 cm.) published : New York, 1964. Call number : DS480.45 .B6 1964a. | ||
| 651 | 0 |
_aIndia _xPolitics and government _y1919-1947. |
|
| 710 | 2 | _aNetaji Research Bureau. | |
| 999 |
_c59028 _d59028 |
||